[Event "PRO League Group Stage"]
[Site "chess.com INT"]
[Date "2019.02.13"]
[Round "6"]
[White "Naroditsky, Daniel"]
[Black "Khachiyan, Melikset"]
[Result "1-0"]
[WhiteTitle "GM"]
[BlackTitle "GM"]
[WhiteElo "2616"]
[BlackElo "2509"]
[WhiteTeam "San Francisco Mechanics"]
[BlackTeam "San Diego Surfers"]
[WhiteFideId "2026961"]
[BlackFideId "13300512"]
[EventDate "2019.01.08"]

1. d4 d5 2. c4 c6 3. Nc3 Nf6 4. Nf3 dxc4 5. a4 Bf5 6. e3 e6 7. Bxc4 Bb4 8. O-O
Nbd7 9. Qe2 O-O 10. e4 Bg6 11. Bd3 Bh5 12. e5 Nd5 13. Nxd5 cxd5 14. Qe3 Be7 15.
Ng5 Bxg5 16. Qxg5 Bg6 17. Be2 Qxg5 18. Bxg5 Rfc8 19. Rfc1 a6 20. a5 f6 21. exf6
gxf6 22. Bf4 Kf7 23. Bd6 Bc2 24. b4 Bb3 25. b5 Bc4 26. Bh5+ Kg7 27. b6 Rc6 28.
Bc7 Rc8 29. Ra3 R8xc7 30. bxc7 Rxc7 31. Be2 Nb8 32. Ra4 Nc6 33. Bxc4 dxc4 34.
Rcxc4 Rd7 35. f3 Kg6 36. Kf2 Ne7 37. Rc5 Nf5 38. Rac4 Nxd4 39. Rc7 Rd6 40. Rxb7
Nf5 41. Rg4+ Kh6 42. Rb6 Rd2+ 43. Ke1 1-0

[Event "PRO League Group Stage"]
[Site "chess.com INT"]
[Date "2019.02.13"]
[Round "6"]
[White "Wu, Rochelle"]
[Black "Dreev, Aleksey"]
[Result "0-1"]
[WhiteTitle "WCM"]
[BlackTitle "GM"]
[WhiteElo "2154"]
[BlackElo "2670"]
[WhiteTeam "San Francisco Mechanics"]
[BlackTeam "San Diego Surfers"]
[WhiteFideId "30908132"]
[BlackFideId "4100107"]
[EventDate "2019.01.08"]

1. d4 d5 2. c4 e6 3. Nc3 Be7 4. cxd5 exd5 5. Bf4 c6 6. e3 Bf5 7. Bd3 Bg6 8. Nge2
Bd6 9. O-O Ne7 10. Qc2 Na6 11. a3 Nc7 12. f3 Ne6 13. Bxd6 Qxd6 14. Ng3 O-O 15.
Nf5 Nxf5 16. Bxf5 c5 17. Bxg6 hxg6 18. dxc5 Qxc5 19. Qf2 Rfd8 20. Rfd1 Rac8 21.
Kh1 d4 22. exd4 Rxd4 23. Rxd4 Qxd4 24. Qxd4 Nxd4 25. Rd1 Ne6 26. Kg1 Kf8 27. Kf2
g5 28. Rd5 Ke7 29. Ke3 f6 30. Rd2 Rc5 31. Nd5+ Kf7 32. Nc3 Ke7 33. Nd5+ Ke8 34.
Nc3 a6 35. Rd6 Re5+ 36. Kf2 Nc5 37. Rd2 Re6 38. Rd4 Rb6 39. Rd2 Rxb2 40. Rxb2
Nd3+ 41. Ke3 Nxb2 42. Kd4 Kd7 43. g3 Kc6 44. h4 gxh4 45. gxh4 b5 46. Nd5 Nc4 47.
a4 Ne5 48. axb5+ axb5 49. Ne7+ Kd7 50. Nf5 g6 51. Ne3 Nxf3+ 52. Kc5 Nxh4 53.
Kxb5 Ke6 54. Kc4 Nf5 55. Ng2 Ke5 56. Kd3 g5 57. Ke2 Ke4 58. Kf2 Nd4 59. Ne3 f5
60. Nf1 f4 61. Nd2+ Kf5 62. Nf1 g4 63. Kg2 Nf3 64. Kf2 Ke4 65. Kg2 Kd4 66. Kf2
Kd3 67. Kg2 Ke2 0-1

[Event "PRO League Group Stage"]
[Site "chess.com INT"]
[Date "2019.02.13"]
[Round "6"]
[White "Zhou, Jianchao"]
[Black "Beerdsen, Thomas"]
[Result "1/2-1/2"]
[WhiteTitle "GM"]
[BlackTitle "IM"]
[WhiteElo "2609"]
[BlackElo "2484"]
[WhiteTeam "Dallas Destiny"]
[BlackTeam "Minnesota Blizzard"]
[WhiteFideId "8603537"]
[BlackFideId "1030108"]
[EventDate "2019.01.08"]

1. d4 d5 2. c4 Nc6 3. Nf3 Bg4 4. Nc3 e6 5. cxd5 exd5 6. Bf4 Nf6 7. e3 Bd6 8. Bg5
Bb4 9. Qb3 O-O 10. Be2 Bxc3+ 11. bxc3 Na5 12. Qb4 b6 13. h3 Bf5 14. Nd2 h6 15.
Bh4 Rc8 16. Rc1 Re8 17. O-O Re6 18. Qa3 Qd7 19. c4 Ne4 20. Nxe4 Rxe4 21. Bg3
dxc4 22. Bxc4 Nxc4 23. Rxc4 c6 24. Rfc1 Be6 25. R4c2 Bd5 26. f3 Ree8 27. e4 Be6
28. Qe3 Red8 29. Bf2 Qb7 30. a4 Re8 31. Qa3 Bd7 32. a5 Qa6 33. Qd6 Qb7 34. axb6
axb6 35. d5 Red8 36. dxc6 Bxc6 37. Qb4 b5 38. Bg3 Be8 39. Rc7 Rxc7 40. Rxc7 Qb6+
41. Qc5 Qxc5+ 42. Rxc5 f6 43. Be1 Rd4 44. Rc8 Kf7 45. Rb8 Bd7 46. Rb7 Ke6 47.
Kf2 Rc4 48. Ke3 Rc2 49. g4 g6 50. f4 Ke7 51. Bb4+ Ke8 52. Rb8+ Rc8 53. Rb7 h5
54. gxh5 gxh5 55. f5 Rc4 56. Rb8+ Rc8 57. Rb6 Kf7 58. Rb7 Ke8 59. Kf4 Rc4 60.
Rb8+ Kf7 61. Rb7 Ke8 62. Rb8+ Kf7 63. Rb7 Ke8 64. Rb8+ Kf7 65. Rb7 Ke8 66. Rb8+
Kf7 67. Rb7 1/2-1/2

[Event "PRO League Group Stage"]
[Site "chess.com INT"]
[Date "2019.02.13"]
[Round "6"]
[White "Holt, Conrad"]
[Black "Nagle, Sean"]
[Result "1-0"]
[WhiteTitle "GM"]
[BlackTitle "IM"]
[WhiteElo "2548"]
[BlackElo "2432"]
[WhiteTeam "Dallas Destiny"]
[BlackTeam "Minnesota Blizzard"]
[WhiteFideId "2034387"]
[BlackFideId "2013878"]
[EventDate "2019.01.08"]

1. d4 Nf6 2. c4 g6 3. Nc3 Bg7 4. e4 d6 5. Nf3 O-O 6. h3 e5 7. d5 a5 8. Bg5 Na6
9. Nd2 Qe8 10. g4 Nd7 11. Rg1 Kh8 12. Be2 Ndc5 13. Nb3 f6 14. Be3 f5 15. gxf5
gxf5 16. Nxa5 fxe4 17. Kd2 Nb4 18. Nb3 Ncd3 19. Qb1 Nxf2 20. Rxg7 Kxg7 21. Qg1+
Qg6 22. Bxf2 Rxf2 23. Qxf2 Qg5+ 24. Qe3 Qxe3+ 25. Kxe3 Nc2+ 26. Kxe4 Nxa1 27.
Nxa1 Bxh3 28. Nb3 Bd7 29. c5 Kg6 30. cxd6 cxd6 31. Nd2 Rf8 32. Ke3 Kf6 33. a4
Ke7 34. a5 Rc8 35. Nde4 Be8 36. b4 h5 37. b5 h4 38. a6 bxa6 39. bxa6 h3 40. Kf2
Bd7 41. Kg1 Rg8+ 42. Kh1 Rc8 43. Bb5 Bf5 44. Bc6 Rc7 45. Kh2 Bc8 46. Nxd6 Bxa6
47. Nf5+ Kf6 48. Ne3 Bc8 49. Ne4+ Kg6 50. Bb5 Ra7 51. d6 Ra2+ 52. Kh1 Bb7 53.
Bd3 1-0

[Event "PRO League Group Stage"]
[Site "chess.com INT"]
[Date "2019.02.13"]
[Round "6"]
[White "Corrales Jimenez, Fidel"]
[Black "Wheeler, Cameron"]
[Result "0-1"]
[WhiteTitle "GM"]
[BlackTitle "IM"]
[WhiteElo "2559"]
[BlackElo "2417"]
[WhiteTeam "Minnesota Blizzard"]
[BlackTeam "Dallas Destiny"]
[WhiteFideId "3506690"]
[BlackFideId "2060531"]
[EventDate "2019.01.08"]

1. e4 e6 2. d4 d5 3. Nc3 Bb4 4. e5 c5 5. a3 Bxc3+ 6. bxc3 Ne7 7. a4 b6 8. Bb5+
Bd7 9. Nf3 Bxb5 10. axb5 O-O 11. O-O Qd7 12. Qe2 c4 13. Ba3 a6 14. bxa6 Rxa6 15.
Bd6 Re8 16. Qd2 Nf5 17. Bxb8 Rxa1 18. Rxa1 Rxb8 19. Qc1 b5 20. Qa3 h5 21. g3 Qb7
22. Qb4 Kh7 23. Ra5 Ne7 24. Ra1 Nc6 25. Qb1 b4 26. cxb4 Qxb4 27. Qxb4 Nxb4 28.
c3 Nd3 29. Ra7 Kg6 30. Nh4+ Kh6 31. Rxf7 Rb1+ 32. Kg2 g5 33. Rf6+ Kh7 34. Nf3 g4
35. Ng5+ Kh8 36. h3 Rc1 37. hxg4 hxg4 38. Rxe6 Ne1+ 39. Kh2 Rxc3 40. Rd6 Rc2 41.
Rxd5 c3 42. e6 Rxf2+ 43. Kg1 c2 44. e7 Re2 45. Re5 Nf3+ 46. Kf1 Rxe5 47. dxe5
c1=Q+ 48. Kf2 Qd2+ 49. Kf1 Qe1+ 50. Kg2 Qg1# 0-1

[Event "PRO League Group Stage"]
[Site "chess.com INT"]
[Date "2019.02.13"]
[Round "6"]
[White "Tang, Andrew"]
[Black "Zhu, Jiner"]
[Result "0-1"]
[WhiteTitle "GM"]
[BlackTitle "WIM"]
[WhiteElo "2487"]
[BlackElo "2424"]
[WhiteTeam "Minnesota Blizzard"]
[BlackTeam "Dallas Destiny"]
[WhiteFideId "2059630"]
[BlackFideId "8608059"]
[EventDate "2019.01.08"]

1. d4 Nf6 2. c4 g6 3. f3 Bg7 4. e4 d6 5. Nc3 O-O 6. Nge2 Nc6 7. Be3 a6 8. Rb1
Bd7 9. b4 e5 10. d5 Ne7 11. Qd2 Nh5 12. g3 f5 13. Bg2 Nf6 14. O-O fxe4 15. Nxe4
Nf5 16. Bg5 Qe8 17. Nxf6+ Bxf6 18. Bxf6 Rxf6 19. Rbe1 Qf7 20. f4 Re8 21. Nc3
exf4 22. Qxf4 Rxe1 23. Rxe1 Qg7 24. Qd2 Rf8 25. c5 Nd4 26. Re3 Bg4 27. Ne4 Bf3
28. Qd3 Ne2+ 29. Rxe2 Qa1+ 30. Bf1 Qxf1+ 31. Kxf1 Bxe4+ 32. Ke1 Bxd3 33. Re7 Rf7
34. Re8+ Kg7 35. Rb8 Bc4 36. Rxb7 Bxd5 37. Ra7 dxc5 0-1

[Event "PRO League Group Stage"]
[Site "chess.com INT"]
[Date "2019.02.13"]
[Round "6"]
[White "Irgaliyev, Alikhan"]
[Black "Sarana, Alexey"]
[Result "0-1"]
[BlackTitle "GM"]
[WhiteElo "2191"]
[BlackElo "2630"]
[WhiteTeam "Seattle Sluggers"]
[BlackTeam "Australia Kangaroos"]
[WhiteFideId "13705610"]
[BlackFideId "24133795"]
[EventDate "2019.01.08"]

1. d4 Nf6 2. Bg5 Ne4 3. Bf4 c5 4. f3 Qa5+ 5. c3 Nf6 6. d5 Qb6 7. b3 e6 8. e4
exd5 9. exd5 Bd6 10. Bg5 Be7 11. Bc4 O-O 12. Ne2 d6 13. O-O Nbd7 14. a4 Ne5 15.
Na3 Bf5 16. Ng3 Bd7 17. Kh1 h6 18. Bf4 Ng6 19. Be3 a6 20. b4 Qc7 21. f4 Rfe8 22.
a5 Ng4 23. Bg1 Bf6 24. bxc5 Ne3 25. Qd3 Nxf1 26. Rxf1 Qxa5 27. c6 bxc6 28. dxc6
Bxc6 29. Qxg6 d5 30. Qf5 Qxa3 31. Bd3 Kf8 32. Ne4 Rxe4 33. Bxe4 Qxc3 34. Bxd5
Qa5 35. Be4 Qxf5 36. Bxf5 a5 37. Bc5+ Kg8 38. Kg1 a4 39. Bb1 Bd5 40. Rd1 Bb3 41.
Rd7 a3 0-1

[Event "PRO League Group Stage"]
[Site "chess.com INT"]
[Date "2019.02.13"]
[Round "6"]
[White "Tiglon, Bryce"]
[Black "Smirnov, Anton"]
[Result "0-1"]
[WhiteTitle "IM"]
[BlackTitle "GM"]
[WhiteElo "2390"]
[BlackElo "2569"]
[WhiteTeam "Seattle Sluggers"]
[BlackTeam "Australia Kangaroos"]
[WhiteFideId "2087456"]
[BlackFideId "3208923"]
[EventDate "2019.01.08"]

1. e4 c6 2. d4 d5 3. e5 c5 4. dxc5 e6 5. Nf3 Bxc5 6. Bd3 Nc6 7. a3 a5 8. O-O
Nge7 9. Re1 Ng6 10. Nc3 Bd7 11. Nb5 O-O 12. c4 Qb6 13. Be3 Rad8 14. cxd5 Bxe3
15. Rxe3 Ncxe5 16. Nxe5 Nxe5 17. Bxh7+ Kxh7 18. Qh5+ Kg8 19. dxe6 fxe6 20. Nc3
Rf5 21. Qh4 Rdf8 22. Ne4 Rf4 23. Qh5 Rxe4 0-1

[Event "PRO League Group Stage"]
[Site "chess.com INT"]
[Date "2019.02.13"]
[Round "6"]
[White "Ly, Moulthun"]
[Black "Mikhalevski, Victor"]
[Result "1-0"]
[WhiteTitle "GM"]
[BlackTitle "GM"]
[WhiteElo "2486"]
[BlackElo "2581"]
[WhiteTeam "Australia Kangaroos"]
[BlackTeam "Seattle Sluggers"]
[WhiteFideId "3204405"]
[BlackFideId "2801914"]
[EventDate "2019.01.08"]

1. d4 Nf6 2. c4 g6 3. Nc3 d5 4. Bf4 Bg7 5. e3 O-O 6. cxd5 Nxd5 7. Nxd5 Qxd5 8.
Bxc7 Na6 9. Bxa6 Qxg2 10. Qf3 Qxf3 11. Nxf3 bxa6 12. Rg1 f6 13. Rc1 Bb7 14. Nd2
e5 15. dxe5 fxe5 16. Rg4 Rf5 17. Rb4 Bg2 18. Rb8+ Bf8 19. a3 Rh5 20. Rxa8 Bxa8
21. Ba5 Bd5 22. Rc8 Kf7 23. Rc7+ Kg8 24. Bc3 e4 25. Rxa7 Rxh2 26. Rxa6 Kf7 27.
Ra5 Bc6 28. Nc4 Ke6 29. Ra6 Kd5 30. Ne5 1-0

[Event "PRO League Group Stage"]
[Site "chess.com INT"]
[Date "2019.02.13"]
[Round "6"]
[White "Song, Raymond"]
[Black "Sargissian, Gabriel"]
[Result "1/2-1/2"]
[WhiteTitle "FM"]
[BlackTitle "GM"]
[WhiteElo "2329"]
[BlackElo "2689"]
[WhiteTeam "Australia Kangaroos"]
[BlackTeam "Seattle Sluggers"]
[WhiteFideId "3203824"]
[BlackFideId "13300881"]
[EventDate "2019.01.08"]

1. e4 e5 2. Nf3 Nc6 3. Nc3 Nf6 4. d4 exd4 5. Nxd4 Bb4 6. Nxc6 bxc6 7. Bd3 O-O 8.
O-O Re8 9. Qf3 Bd6 10. Bf4 Bxf4 11. Qxf4 d6 12. Rad1 Ng4 13. Qg3 Rb8 14. b3 Qf6
15. Be2 Qe5 16. Bxg4 Qxg3 17. hxg3 Bxg4 18. Rd4 Bd7 19. Ra4 Ra8 20. Ra6 Re5 21.
b4 Ree8 22. Rd1 f6 23. f3 h5 24. Kf2 Kf7 25. Ne2 Reb8 26. a3 Rb6 27. Ra5 Rb5 28.
Ra6 c5 29. c4 Rb6 30. Ra5 cxb4 31. c5 Rb5 32. axb4 Rxb4 33. cxd6 cxd6 34. Rxd6
Rb7 35. Nf4 Bb5 36. Nxh5 Rc8 37. Rd2 Rc1 38. g4 a6 39. Nf4 Rbc7 40. Raa2 Bc4 41.
Ra3 Bb5 42. Raa2 Bc4 43. Ra3 Bb5 44. Raa2 Bc4 45. Ra3 1/2-1/2

[Event "PRO League Group Stage"]
[Site "chess.com INT"]
[Date "2019.02.13"]
[Round "6"]
[White "Shankland, Samuel"]
[Black "Sheng, Joshua"]
[Result "1-0"]
[WhiteTitle "GM"]
[BlackTitle "IM"]
[WhiteElo "2725"]
[BlackElo "2451"]
[WhiteTeam "San Francisco Mechanics"]
[BlackTeam "San Diego Surfers"]
[WhiteFideId "2004887"]
[BlackFideId "2057360"]
[EventDate "2019.01.08"]

1. e4 c5 2. Nf3 e6 3. d4 cxd4 4. Nxd4 a6 5. Be2 Nf6 6. Qd3 Qc7 7. O-O d6 8. c4
Nbd7 9. Nc3 b6 10. f4 Bb7 11. b4 Rc8 12. f5 Ne5 13. Qh3 exf5 14. Nxf5 g6 15. Bg5
Nfd7 16. Nh6 Bg7 17. Rxf7 1-0

[Event "PRO League Group Stage"]
[Site "chess.com INT"]
[Date "2019.02.13"]
[Round "6"]
[White "Negi, Parimarjan"]
[Black "Kiewra, Keaton"]
[Result "1/2-1/2"]
[WhiteTitle "GM"]
[BlackTitle "IM"]
[WhiteElo "2656"]
[BlackElo "2362"]
[WhiteTeam "San Francisco Mechanics"]
[BlackTeam "San Diego Surfers"]
[WhiteFideId "5016690"]
[BlackFideId "2019280"]
[EventDate "2019.01.08"]

1. e4 c5 2. Nf3 e6 3. g3 Nc6 4. Bg2 e5 5. O-O g6 6. a3 Bg7 7. b4 d6 8. c3 Nge7
9. d3 O-O 10. Be3 b6 11. b5 Na5 12. c4 h6 13. Nc3 Be6 14. Rb1 f5 15. exf5 Nxf5
16. Nd2 Rc8 17. Bd5 Qd7 18. Nde4 Ne7 19. Bxe6+ Qxe6 20. h4 Rf5 21. Qg4 Rcf8 22.
Nd5 Kh7 23. Nxe7 Qxe7 24. Nc3 h5 25. Qe2 Bh6 26. Bxh6 Kxh6 27. Ne4 Kg7 28. Ng5
Nb7 29. f4 Nd8 30. Rbe1 Ne6 31. Nf3 Qf7 32. Kg2 Rxf4 33. Nxe5 Qb7+ 34. Nc6 Rxf1
35. Rxf1 Nd4 36. Qe4 Rxf1 37. Kxf1 Qf7+ 38. Kg2 Qf6 39. Nxa7 Nf5 40. Nc6 Qb2+
41. Kh3 Qf2 42. Qf4 Qg1 43. Qf3 Nd4 44. Nxd4 Qxd4 45. a4 Qa1 46. Qb7+ Kf6 47.
Qa8 Qf1+ 48. Kh2 Qe2+ 49. Kh3 Qf1+ 50. Kh2 Qe2+ 51. Kh3 Qf1+ 1/2-1/2

[Event "PRO League Group Stage"]
[Site "chess.com INT"]
[Date "2019.02.13"]
[Round "6"]
[White "Dreev, Aleksey"]
[Black "Naroditsky, Daniel"]
[Result "1/2-1/2"]
[WhiteTitle "GM"]
[BlackTitle "GM"]
[WhiteElo "2670"]
[BlackElo "2616"]
[WhiteTeam "San Diego Surfers"]
[BlackTeam "San Francisco Mechanics"]
[WhiteFideId "4100107"]
[BlackFideId "2026961"]
[EventDate "2019.01.08"]

1. d4 Nf6 2. Nf3 g6 3. g3 Bg7 4. Bg2 O-O 5. O-O d6 6. b3 c5 7. c4 d5 8. Bb2 dxc4
9. bxc4 cxd4 10. Nxd4 Nc6 11. Nxc6 bxc6 12. Nd2 Qc7 13. Qa4 Rb8 14. Nb3 c5 15.
Rfd1 Rb4 16. Qa3 Rxc4 17. Rac1 Rxc1 18. Rxc1 c4 19. Qa5 Qd8 1/2-1/2

[Event "PRO League Group Stage"]
[Site "chess.com INT"]
[Date "2019.02.13"]
[Round "6"]
[White "Khachiyan, Melikset"]
[Black "Wu, Rochelle"]
[Result "1-0"]
[WhiteTitle "GM"]
[BlackTitle "WCM"]
[WhiteElo "2509"]
[BlackElo "2154"]
[WhiteTeam "San Diego Surfers"]
[BlackTeam "San Francisco Mechanics"]
[WhiteFideId "13300512"]
[BlackFideId "30908132"]
[EventDate "2019.01.08"]

1. Nf3 Nf6 2. g3 d5 3. Bg2 c6 4. O-O Bg4 5. c4 Nbd7 6. d4 e6 7. Qb3 Qc8 8. Nc3
Be7 9. Bf4 O-O 10. Rac1 Bf5 11. Nh4 Be4 12. cxd5 Bxg2 13. Kxg2 Nxd5 14. Nxd5
exd5 15. Nf5 Re8 16. Qf3 Nf8 17. Bd6 Bf6 18. Bxf8 Rxf8 19. Rfd1 Qe6 20. Ne3 Bg5
21. Rc3 Rfe8 22. h4 Bxe3 23. Rxe3 Qg6 24. Rd2 h6 25. b4 Qd6 26. Rb3 Re7 27. b5
Rae8 28. bxc6 Qxc6 29. Rc3 Qd6 30. Rdc2 b6 31. e3 Re4 32. Rc8 Qd7 33. R2c7 Qe6
34. Rxe8+ Qxe8 35. Rxa7 Qe6 36. h5 Rg4 37. Rxf7 Rg5 38. Rf8+ Kh7 39. Qf7 Qe4+
40. Kh2 1-0

[Event "PRO League Group Stage"]
[Site "chess.com INT"]
[Date "2019.02.13"]
[Round "6"]
[White "Zhang, Di"]
[Black "Mamedyarov, Shakhriyar"]
[Result "1/2-1/2"]
[BlackTitle "GM"]
[WhiteElo "1966"]
[BlackElo "2817"]
[WhiteTeam "Chengdu Pandas"]
[BlackTeam "San Jose Hackers"]
[WhiteFideId "8616590"]
[BlackFideId "13401319"]
[EventDate "2019.01.08"]

1. d4 Nf6 2. c4 b6 3. Nc3 Bb7 4. d5 e6 5. a3 g6 6. Nf3 Bg7 7. e4 d6 8. Be2 O-O
9. O-O Nbd7 10. Bg5 h6 11. Bxf6 Qxf6 12. Rc1 a6 13. Qa4 Rad8 14. Rfd1 Rfe8 15.
b4 g5 16. Nd4 Qg6 17. Nc6 Bxc6 18. Qxc6 Ne5 19. Qxc7 Rc8 20. Qxd6 Nxc4 21. Bxc4
Rxc4 22. e5 Rec8 23. dxe6 Qxe6 24. Qxe6 fxe6 25. Ne2 Bxe5 26. Rxc4 Rxc4 27. g3
Kf7 28. Rd7+ Kf6 29. Ra7 a5 30. bxa5 bxa5 31. Rxa5 h5 32. f4 gxf4 33. gxf4 Bxf4
34. Rxh5 Bd6 35. Kf2 Bxa3 36. Kf3 Bd6 37. Rh6+ Kf7 38. h4 Bf8 39. Rh5 Ra4 40.
Ng3 Ra3+ 41. Kg4 Re3 42. Kf4 Re1 43. Ne4 Bg7 44. Ra5 Bh6+ 45. Ke5 Bg7+ 46. Kf4
Rf1+ 47. Ke3 Re1+ 48. Kf4 Bd4 49. Ng5+ Kf6 50. Ne4+ Kg6 51. Rg5+ Kf7 52. Rg3 e5+
53. Kf5 Rf1+ 54. Kg5 Ke6 55. h5 Rf5+ 56. Kg6 Rf4 57. Ng5+ Kd5 58. h6 e4 59. h7
Rf6+ 60. Kh5 Rf8 61. Nxe4 Kxe4 62. Rg8 Rf5+ 63. Kg6 Rf6+ 64. Kg5 Rf1 65. Re8+
Kd3 66. h8=Q Rg1+ 67. Kf5 Bxh8 68. Rxh8 1/2-1/2

[Event "PRO League Group Stage"]
[Site "chess.com INT"]
[Date "2019.02.13"]
[Round "6"]
[White "Li, Di"]
[Black "Safarli, Eltaj"]
[Result "1-0"]
[WhiteTitle "IM"]
[BlackTitle "GM"]
[WhiteElo "2488"]
[BlackElo "2681"]
[WhiteTeam "Chengdu Pandas"]
[BlackTeam "San Jose Hackers"]
[WhiteFideId "8607508"]
[BlackFideId "13402129"]
[EventDate "2019.01.08"]

1. d4 Nf6 2. Nf3 g6 3. c4 Bg7 4. Nc3 d5 5. cxd5 Nxd5 6. Bg5 Nxc3 7. bxc3 c5 8.
e3 O-O 9. Be2 Nc6 10. O-O b6 11. Qa4 Na5 12. Rfd1 Bd7 13. Qa3 h6 14. Bh4 g5 15.
Bg3 cxd4 16. cxd4 Bg4 17. h4 e6 18. hxg5 hxg5 19. Bd6 Bxf3 20. gxf3 Re8 21. Rac1
Bf8 22. Bxf8 Rxf8 23. Ba6 Qf6 24. Kg2 Kg7 25. Qd6 Rfd8 26. Qg3 Rh8 27. d5 e5 28.
d6 Rad8 29. Rc7 Rxd6 30. Rxd6 Qxd6 31. Qxg5+ Qg6 32. Qxg6+ Kxg6 33. Rxa7 Rd8 34.
Bb5 f5 35. Kg3 Kg5 36. Rg7+ Kf6 37. Rh7 Rg8+ 38. Kh2 f4 39. Rh6+ Rg6 40. Rh8 Rg7
41. Rf8+ Rf7 42. Rb8 Rb7 43. Rc8 Re7 44. Kg2 Nb7 45. Rb8 Kg5 46. a4 Rc7 47. Kf1 1-0

[Event "PRO League Group Stage"]
[Site "chess.com INT"]
[Date "2019.02.13"]
[Round "6"]
[White "Yoo, Christopher Woojin"]
[Black "Li, Chao b"]
[Result "0-1"]
[WhiteTitle "FM"]
[BlackTitle "GM"]
[WhiteElo "2388"]
[BlackElo "2699"]
[WhiteTeam "San Jose Hackers"]
[BlackTeam "Chengdu Pandas"]
[WhiteFideId "30909694"]
[BlackFideId "8604436"]
[EventDate "2019.01.08"]

1. e4 c6 2. d4 g6 3. Nc3 Bg7 4. Bc4 b5 5. Bb3 b4 6. Nce2 a5 7. c3 d6 8. Nf3 Nf6
9. Bc2 O-O 10. O-O Ba6 11. Re1 Nbd7 12. Bg5 h6 13. Bh4 Qc7 14. Rc1 e5 15. cxb4
axb4 16. Bb3 c5 17. dxe5 dxe5 18. Qc2 Rfc8 19. Nd2 Nb6 20. Nc4 Nxc4 21. Bxc4
Bxc4 22. Qxc4 Qa5 23. Ra1 Qa6 24. Qxa6 Rxa6 25. f3 c4 26. Rec1 Bf8 27. Kf1 Ne8
28. Be1 Ng7 29. b3 c3 30. a3 Rca8 31. a4 Ne6 32. Rd1 h5 33. Bf2 Bc5 34. Rd5 Bxf2
35. Kxf2 Ra5 36. Rxa5 Rxa5 37. Rd1 Kf8 38. Rd6 Nf4 39. Nxf4 exf4 40. Ke2 Rg5 41.
g3 fxg3 42. hxg3 Rxg3 43. Rd4 h4 44. a5 h3 45. a6 Rg2+ 46. Ke3 Ra2 47. Kf4 c2
48. Rc4 h2 49. a7 h1=Q 50. Rxc2 Rxa7 51. Rc8+ Kg7 0-1

[Event "PRO League Group Stage"]
[Site "chess.com INT"]
[Date "2019.02.13"]
[Round "6"]
[White "Ravuri, Vinesh"]
[Black "Yu, Yangyi"]
[Result "0-1"]
[BlackTitle "GM"]
[WhiteElo "2042"]
[BlackElo "2764"]
[WhiteTeam "San Jose Hackers"]
[BlackTeam "Chengdu Pandas"]
[WhiteFideId "45042632"]
[BlackFideId "8603820"]
[EventDate "2019.01.08"]

1. d4 d5 2. Nc3 Nf6 3. Bf4 e6 4. e3 Bb4 5. Bd3 c5 6. dxc5 Nbd7 7. Ne2 O-O 8. O-O
Nxc5 9. a3 Nxd3 10. Qxd3 Be7 11. Rad1 Qb6 12. b4 Bd7 13. Be5 Rfd8 14. Bd4 Qc7
15. f4 Rac8 16. Rf3 a5 17. Rg3 axb4 18. axb4 Qc4 19. Qd2 Kf8 20. f5 exf5 21. Nf4
Be6 22. b5 Bb4 23. Nfe2 Ne4 24. Bxg7+ Ke7 25. Qc1 Nxc3 26. Nxc3 Bxc3 27. Qa3+
Qc5 28. Qa4 Bxg7 29. Rxg7 Qxe3+ 30. Kh1 Rc4 0-1

[Event "PRO League Group Stage"]
[Site "chess.com INT"]
[Date "2019.02.13"]
[Round "6"]
[White "Tang, Andrew"]
[Black "Zhou, Jianchao"]
[Result "1-0"]
[WhiteTitle "GM"]
[BlackTitle "GM"]
[WhiteElo "2487"]
[BlackElo "2609"]
[WhiteTeam "Minnesota Blizzard"]
[BlackTeam "Dallas Destiny"]
[WhiteFideId "2059630"]
[BlackFideId "8603537"]
[EventDate "2019.01.08"]

1. d4 Nf6 2. Bf4 d5 3. e3 c5 4. dxc5 e6 5. b4 a5 6. c3 Nc6 7. Bb5 axb4 8. cxb4
Nd7 9. Qb3 g5 10. Bg3 Bg7 11. Nc3 Nde5 12. Nge2 O-O 13. O-O h5 14. h3 h4 15. Bh2
f5 16. Rad1 Qf6 17. f4 Ng6 18. fxg5 Qxg5 19. Bf4 Qf6 20. Bd6 Rd8 21. Na4 Bd7 22.
Nb6 Ra7 23. Bc7 Be8 24. Bxd8 Qxd8 25. Nxd5 exd5 26. Rxd5 Qe7 27. Re5+ Bf7 28.
Rxe7 Bxb3 29. Rxg7+ Kxg7 30. axb3 Nxb4 31. Nd4 Ne7 32. e4 fxe4 33. Ne6+ Kg6 34.
Be8+ Kh6 35. Rf6+ 1-0

[Event "PRO League Group Stage"]
[Site "chess.com INT"]
[Date "2019.02.13"]
[Round "6"]
[White "Corrales Jimenez, Fidel"]
[Black "Holt, Conrad"]
[Result "1/2-1/2"]
[WhiteTitle "GM"]
[BlackTitle "GM"]
[WhiteElo "2559"]
[BlackElo "2548"]
[WhiteTeam "Minnesota Blizzard"]
[BlackTeam "Dallas Destiny"]
[WhiteFideId "3506690"]
[BlackFideId "2034387"]
[EventDate "2019.01.08"]

1. d4 d5 2. c4 c6 3. Nf3 Nf6 4. cxd5 cxd5 5. Nc3 Nc6 6. Bf4 Nh5 7. Bd2 e6 8. Rc1
Nf6 9. Bf4 Bd6 10. Bxd6 Qxd6 11. e3 O-O 12. Bd3 e5 13. dxe5 Nxe5 14. Be2 Be6 15.
Nxe5 Qxe5 16. Qd4 Qxd4 17. exd4 Ne4 18. f3 Nxc3 19. Rxc3 Rfc8 20. Rxc8+ Rxc8 21.
Kd2 Kf8 22. Bd3 Ke7 23. Rc1 Rxc1 24. Kxc1 h6 25. Kd2 g5 26. Kc3 Kd6 27. Kb4 Kc7
28. g3 Kb6 29. h4 a5+ 30. Kc3 Kc6 31. b4 axb4+ 32. Kxb4 b6 33. hxg5 hxg5 34. a4
f6 35. a5 bxa5+ 36. Kxa5 Bc8 37. Bb5+ Kc7 38. Be8 Bh3 39. Bf7 Kc6 40. Be8+ Kd6
41. Kb6 Bg2 42. Bh5 Bf1 43. Kb7 Be2 44. Kc8 Ba6+ 45. Kd8 Bb5 46. f4 gxf4 47.
gxf4 Bd7 48. Bg6 Bb5 49. Bf5 Ba4 50. Bg6 Bb5 51. f5 Bd7 52. Bh7 Bb5 53. Bg6 Bd7
54. Bh7 Bb5 55. Bg6 Bd7 56. Bh7 1/2-1/2